000
00199nam a2200073Ia 4500
008
170524s9999 xx 000 0 und d
100
_a
GUPTA- S.L
245
0
_a
ADVERTISING AND SALES PROMOTION MGT
260
_b
new delhi : Sultan chand
999
_c
8375
_d
8375